1585 1058 1480 1321 1779 1613 1444 1059 1040 1029 1539 1442 1024 1025 1450 1738 1071 1100 1133 1719 1048 1714 1607 1939 1478 1054 1031 1407 1897 1166 1788 1381 1701 1412 1904 1746 1463 1445 1233 1718 1351 1729 1270 1439 1569 1513 1509 1217 1376 1042 1760 1232 1247 1293 1061 1192 1784 1795 1057 1220 1839 1985 1627 1557 1831 1282 1387 1814 1192 1115 1117 1666 1228 1955 1695 1913 1908 1882 1097 1536 1037 1519 1333 1060 1439 1779 1483 1457 1906 1997 1587 1134 1805 1027 1453 1832 1383 1916 1683 BCNSPRNW ULIB Ver.6.0+V

เปลี่ยนเป็นภาษาไทย

Change to English
 แสดงรายละเอียดบรรณานุกรม
  กลับหน้าหลัก

Brief Record : Get Marc (ISO 2709) : E-mail record : QR code < ปิดหน้าต่าง
LEADER : 00000nam 2200000uu 4500
001    13399112873
003     ULIB
008    110914s2552||||th 000 0 tha d
020    9786115000111
090    นว.^bณ411ธ 2552
100 0  ณารา
245 00 ธาราหิมาลัย/^cณารา
250    พิมพ์ครั้งที่ 1
260    กรุงเทพฯ :^bพิมพ์คำ,^c2552
300    480 หน้า
945    ^p290^l0^i15841
995    กัณชพร
999     ^aใช้งานได้ทุกระบบ
รายการนี้ยังไม่มีแท็ก
คุณยังไม่ได้ล็อกอิน คุณสามารถมีกิจกรรมร่วมกับเว็บไซต์ได้ แต่ต้องล็อกอินก่อน ::
  ล็อกอิน

รายการสื่อสารสนเทศ

ลำดับที่ ประเภท เลขเรียก/บาร์โค้ด สถานที่ สถานะ
1. นวนิยาย
นวนิยาย
นว. ณ411ธ 2552  
  Barcode: 15841
ห้องสมุดวิทยาเขตสวรรค์ประชารักษ์
►นวนิยาย
บนชั้น
  ขอยืม

รายการใกล้เคียง
    ผู้แต่ง [ณารา]

BibComment


ยังไม่เคยถูกคอมเมนท์

คอมเมนท์ทรัพยากรรายการนี้
  คอมเมนท์: ธาราหิมาลัย ณารา


 Copyright 2026. Bcnsprnw @Library